000
00283nam a2200121Ia 4500
008
190216s9999||||xx |||||||||||||| ||und||
100
_a
Gurdeep Chatwal
245
0
_a
Synthetic Dyes
260
_b
Himalaya Publishing House
_c
1985
300
_a
243p
650
_a
Chemistry
942
_c
BK
999
_c
2545
_d
2545